Una tarea de nuestras humanidades: la afirmación de la identidad centroamericana /
Tallennettuna:
| Päätekijä: | |
|---|---|
| Aineistotyyppi: | Kirja |
| Kieli: | Spanish |
| Tagit: |
Lisää tagi
Ei tageja, Lisää ensimmäinen tagi!
|
MARC
| LEADER | 00000nam a22000007a 4500 | ||
|---|---|---|---|
| 003 | cru CIDCACS/IIS | ||
| 005 | 20200108135344.0 | ||
| 007 | ta | ||
| 008 | 200108s1997 cr |||||r||||||0| ||spa|d | ||
| 999 | |c 42792 |d 42792 | ||
| 040 | |c cru CIDCACS/IIS | ||
| 090 | |a 05.03.01 C397n | ||
| 100 | 1 | |9 8886 |a Bonilla Sandí, Alban | |
| 245 | 1 | |a Una tarea de nuestras humanidades: |b la afirmación de la identidad centroamericana / |c Alban Bonilla Sandí | |
| 300 | |a páginas 75-80 | ||
| 773 | 0 | |0 42772 |9 4126 |a Universidad Nacional de Costa Rica |d Heredia, Costa Rica: Editorial Fundación UNA, 1997 |o 18137 |t Nuevo Humanismo: |x 14050234 | |
| 942 | |2 ddc |c LI | ||
